To have and have not (Record no. 7417)
[ view plain ]
| 000 -CABECERA | |
|---|---|
| campo de control de longitud fija | 00565nam a2200217 a 4500 |
| 001 - NÚMERO DE CONTROL | |
| campo de control | BRCA_7743 |
| 005 - FECHA Y HORA DE LA ÚLTIMA TRANSACCIÓN | |
| campo de control | 20190320205955.0 |
| 008 - DATOS DE LONGITUD FIJA--INFORMACIÓN GENERAL | |
| campo de control de longitud fija | 060913s1955----uk-#######---#000-0#eng-# |
| 041 ## - CÓDIGO DE LENGUA | |
| Código de lengua del texto/banda sonora o título independiente | eng |
| 044 ## - CÓDIGO DEL PAÍS DE LA ENTIDAD EDITORA/PRODUCTORA | |
| Código MARC del país | Uk |
| 050 #4 - SIGNATURA TOPOGRÁFICA DE LA BIBLIOTECA DEL CONGRESO | |
| Número de clasificación | PS370 |
| Número de documento/Ítem | .H46 1955 |
| 100 1# - ENTRADA PRINCIPAL--NOMBRE DE PERSONA | |
| Nombre de persona | Hemingway, Ernest |
| 9 (RLIN) | 19161 |
| 245 10 - MENCIÓN DE TÍTULO | |
| Título | To have and have not |
| Mención de responsabilidad, etc. | Ernest Hemingway. |
| 260 ## - PUBLICACIÓN, DISTRIBUCIÓN, ETC. | |
| Lugar de publicación, distribución, etc. | Gran Bretaña |
| Nombre del editor, distribuidor, etc. | Penguin |
| Fecha de publicación, distribución, etc. | 1955 |
| 300 ## - DESCRIPCIÓN FÍSICA | |
| Extensión | 206 p. |
| Dimensiones | 18 cm. |
| 440 #0 - MENCIÓN DE SERIE/PUNTO DE ACCESO ADICIONAL--TÍTULO | |
| Título | Penguin Books |
| Designación de volumen o secuencia | 1065 |
| 9 (RLIN) | 19162 |
| 500 ## - NOTA GENERAL | |
| Nota general | U92 |
| 650 14 - PUNTO DE ACCESO ADICIONAL DE MATERIA--TÉRMINO DE MATERIA | |
| Término de materia o nombre geográfico como elemento de entrada | Literatura estadounidense |
| Subdivisión de forma | Novela |
| 9 (RLIN) | 19163 |
| 902 ## - CATALOGADOR | |
| Iniciales | GFM |
| 942 ## - ELEMENTOS DE PUNTO DE ACCESO ADICIONAL (KOHA) | |
| Fuente del sistema de clasificación o colocación | Library of Congress Classification |
| Tipo de ítem Koha | Libros |
| Estado de retiro | Estado de pérdida | Estado dañado | No para préstamo | Localización permanente | Ubicación/localización actual | Fecha de adquisición | Número de inventario | Total de préstamos | Signatura topográfica completa | Código de barras | Fecha visto por última vez | Precio válido a partir de | Tipo de ítem Koha |
|---|---|---|---|---|---|---|---|---|---|---|---|---|---|
| El ejemplar forma parte de la colección y puede ser consultado según las políticas vigentes. | Biblioteca del Museo Franz Mayer (Rogerio Casas-Alatriste) | Biblioteca del Museo Franz Mayer (Rogerio Casas-Alatriste) | 05/09/2013 | U92 | PS370 .H46 1955 (U92) | 8352 | 22/03/2019 | 22/03/2019 | Libros |